| 000 | 01244nam0a22002891 4500 | ||
|---|---|---|---|
| 001 | rc\3406637 | ||
| 005 | 20130115140103.1 | ||
| 021 |
_aRU _b69-109495 |
||
| 021 |
_aRU _bРг2587-70 |
||
| 035 | _a(NLR Aleph) 007549577 | ||
| 090 |
_a5186530 _c5186530 |
||
| 100 | _a20130115d1969 |||y0rusy50 ca | ||
| 101 | 0 | _arus | |
| 102 | _aRU | ||
| 105 | _ay z |||a| | ||
| 200 | 1 |
_aПроделки Хитрого Лиса _eЛесная комедия-сказка в 8 карт. И. Рубинштейна по мотивам поэмы-сказки Гете и фландрскому нар. эпосу _fОтд. распространения драм. произведений ВУОАП |
|
| 210 |
_aМосква _cБ. и. _d1969 |
||
| 215 |
_a41 л. _d28 |
||
| 225 | 1 | _aРепертуар Новосибирского областного драматического театра | |
| 309 | _aОтпеч. множит. аппаратом | ||
| 700 | 1 |
_aРубинштейн _bИ. С. _f1907- _gИлья Соломонович |
|
| 702 | 1 |
_aГете _bИ. В. _f1749-1832 _gИоганн Вольфганг _3RU\NLR\auth\771353 _4570 |
|
| 801 | 0 |
_aRU _bNLR _gpsbo |
|
| 801 | 1 |
_aRU _bELAR _2rusmarc |
|
| 852 |
_aNLR _j69-8/2167 |
||
| 942 | _cBOOK | ||
| 980 | _aNB | ||